| 000 | 00557nam a2200205Ia 4500 | ||
|---|---|---|---|
| 001 | 14828 | ||
| 003 | GE_BSU | ||
| 008 | 181216s||||||||xx |||||||||||||| ||und|| | ||
| 040 | _cGE_BSU | ||
| 080 | _a515.12(075.8) | ||
| 100 | _aАлександрян,Р.А. Мирзаханян,Э.А. | ||
| 245 | _aОбщая топология | ||
| 260 | _aМосква | ||
| 260 | _bВысшая школа | ||
| 260 | _c1979 | ||
| 300 | _a335стр.22см. | ||
| 300 | _eУказатель стр.331-332 | ||
| 653 | _aОбщая топология | ||
| 942 | _cBK | ||
| 999 |
_c47951 _d47951 |
||